000 00999nam a22002537a 4500
005 20170124103053.0
010 _aB-138327
020 _c250.00
035 _aB-138327
037 _bCen Lib/Ret
040 _aDPL
_bHN
082 _a
_bनौटिया
100 _aनौटियाल, सी.एम
_970904
245 _aबतूल /
_cसी.एम. नौटियाल
246 _aBatool /
_bby C.M. nautiyal
260 _a दिल्ली
_bसरिता बोक्क हाउस
_c2004
270 _bदिल्ली
_a324, गुरुराम दस नगर, लक्ष्मीनगर
_e110092
300 _a273पृ.
_c19सेमी(सजिल्द )
650 _aहिंदी साहित्य
_970905
650 _aहिंदी साहित्य
_xकहानियां
_970906
650 _aHindi literature
_970907
650 _aHindi literature
_xstories
_970908
942 _2ddc
_cHN
_h
_mनौटिया
999 _c117236
_d117236